000 00431nam a22001577a 4500
999 _c17632
_d17632
003 OSt
005 20221118140916.0
008 221118b ||||| |||| 00| 0 eng d
040 _c0
100 _aAndrade Jeannette I.
_946835
245 _aPNP to submit findings on 'Ninja cops' to Duterte this week /
260 _aPhilippines :
_bInquirer,
_cMarch 2, 2022.
300 _apage A11.
650 _aCrime.
_946836
942 _2ddc
_cPER